نز ر ا نہ عقيد ت بشا ن ر سا لت (Record no. 94543)

MARC details
000 -LEADER
fixed length control field 00743nam a22002177a 4500
005 - DATE AND TIME OF LATEST TRANSACTION
control field 20150630105714.0
008 - FIXED-LENGTH DATA ELEMENTS--GENERAL INFORMATION
fixed length control field 140714b xxu||||| |||| 00| 0 Urdu d
010 ## - LCCN (DPL NO)
LC control number UR-9126
020 ## - INTERNATIONAL STANDARD BOOK NUMBER
Terms of availability 200.00
035 ## - SYSTEM CONTROL NUMBER
System control number U-7681
037 ## - SOURCE OF ACQUISITION
Source of stock number/acquisition DBAD
040 ## - CATALOGING SOURCE
Original cataloging agency DPL
Language of cataloging Urdu
082 ## - DEWEY DECIMAL CLASSIFICATION NUMBER
Classification number 841
100 ## - MAIN ENTRY--PERSONAL NAME
Personal name محمد اما ن علی ثا قب
245 ## - TITLE STATEMENT
Title نز ر ا نہ عقيد ت بشا ن ر سا لت
Statement of responsibility, etc محمد اما ن علی ثا قب
246 #h - VARYING FORM OF TITLE
Title proper/short title Nazrana-e-AqeedatBashan-e-Risalat
Remainder of title By Mohd Aman Ali Saqib
260 ## - PUBLICATION, DISTRIBUTION, ETC. (IMPRINT)
Name of publisher, distributor, etc Atiyab Publishing House
Date of publication, distribution, etc 2011
Place of publication, distribution, etc Hyderabad(A.P)
270 ## - ADDRESS
Address 9-10241,Risala Bazar Qila GoleKanda
City Hyderabad
Telephone number 9849339588
Postal code 8
300 ## - PHYSICAL DESCRIPTION
Extent 154ص
Dimensions 22Cm (Hb)
942 ## - ADDED ENTRY ELEMENTS (KOHA)
Source of classification or shelving scheme Dewey Decimal Classification
Item type Urdu Bks
Edition
Classification part 841
Call number suffix ث ا ق
Holdings
Withdrawn status Lost status Source of classification or shelving scheme Damaged status Not for loan Collection code Home library Current library Date acquired Source of acquisition Cost, normal purchase price Total Checkouts Full call number Barcode Date last seen Copy number Cost, replacement price Koha item type
    Dewey Decimal Classification   Not For Loan Non-fiction D.B.Act.Division D.B.Act.Division 30/06/2015 DBAD/Pub. 200.00   841 ث ا ق U-7681 30/06/2015 1 200.00 Urdu Bks

© Delhi Public Library
Hit Counter
free hit counter